00233nam a22000857a 4500020001800000100002400018245005000042264003600092300001900128 a97899458020781 aFlorentino, Maritza0 aBienvenida, la tortuga verde, va a Nueva York aSanto Domingo :bBúho,c2024. a38 páginas ;